Bacteria in Agrobiology: Stress Management

The future of agriculture strongly depends on our ability to enhance productivity without sacrificing long-term production potential. An ecologically and economically sustainable strategy is the application of microorganisms, such as the diverse bacterial species of plant growth promoting bacteria (...

Full description

Bibliographic Details
Corporate Author: SpringerLink (Online service)
Other Authors: Maheshwari, Dinesh K. (Editor)
Format: Electronic eBook
Language:English
Published: Berlin, Heidelberg : Springer Berlin Heidelberg, 2012.
Subjects:
Online Access:Full Text via HEAL-Link
LEADER 03318nam a22004335i 4500
001 978-3-642-23465-1
003 DE-He213
005 20150519175645.0
007 cr nn 008mamaa
008 120104s2012 gw | s |||| 0|eng d
020 |a 9783642234651  |9 978-3-642-23465-1 
024 7 |a 10.1007/978-3-642-23465-1  |2 doi 
040 |d GrThAP 
050 4 |a QR74.8-99.5 
072 7 |a PSGD  |2 bicssc 
072 7 |a SCI006000  |2 bisacsh 
082 0 4 |a 579.3  |2 23 
245 1 0 |a Bacteria in Agrobiology: Stress Management  |h [electronic resource] /  |c edited by Dinesh K. Maheshwari. 
264 1 |a Berlin, Heidelberg :  |b Springer Berlin Heidelberg,  |c 2012. 
300 |a XII, 336 p.  |b online resource. 
336 |a text  |b txt  |2 rdacontent 
337 |a computer  |b c  |2 rdamedia 
338 |a online resource  |b cr  |2 rdacarrier 
347 |a text file  |b PDF  |2 rda 
505 0 |a Priming of Plant Defences by PGPR against Fungal and Bacterial Plant Foliar Pathogens -- The Management of Soil Quality and Plant Productivity in Stressed Environment with Rhizobacteria -- Plant Growth Promoting Rhizobacteria (PGPR) as Alleviators for Soil Degradation -- Microbial Products and Soil Stresses -- Interactions Between Legumes and Rhizobia Under Stress Conditions -- Cold tolerant PGPRs as Bioinoculants for Stress Management -- Hormonal Signaling by PGPR Improves Plant Health Under Stress Conditions -- Microbial ACC-Deaminase Biotechnology: Perspectives and Applications in Stress Agriculture -- Rhizobacterial ACC deaminase in Plant Growth and Stress Amelioration -- Bacterial Mediated Alleviation of Abiotic Stress in Crops -- Rhizobacteria mediated induced systemic tolerance in plants: prospects for abiotic stress management -- PGPR For Protection of Plant Health Under Saline Conditions -- PGPR as Inoculants in Management of Lands Contaminated With Trace Elements -- The Use of ACC Deaminase to Increase the Tolerance of Plants to Various Phytopathogens -- Nutrient Availability and Management in the Rhizosphere by microorganisms. 
520 |a The future of agriculture strongly depends on our ability to enhance productivity without sacrificing long-term production potential. An ecologically and economically sustainable strategy is the application of microorganisms, such as the diverse bacterial species of plant growth promoting bacteria (PGPB). The use of these bio-resources for the enhancement of crop productivity is gaining worldwide importance. "Bacteria in Agrobiology: Stress Management" covers the major aspects on PGPR in amelioration of both abiotic and biotic stresses. PGPR mediated in priming of plant defense reactions, nutrient availability and management in saline and cold environment, hormonal signaling, ACC deaminase and its role in ethylene regulation under harsh conditions are suitably described. 
650 0 |a Life sciences. 
650 0 |a Agriculture. 
650 0 |a Bacteriology. 
650 1 4 |a Life Sciences. 
650 2 4 |a Bacteriology. 
650 2 4 |a Agriculture. 
700 1 |a Maheshwari, Dinesh K.  |e editor. 
710 2 |a SpringerLink (Online service) 
773 0 |t Springer eBooks 
776 0 8 |i Printed edition:  |z 9783642234644 
856 4 0 |u http://dx.doi.org/10.1007/978-3-642-23465-1  |z Full Text via HEAL-Link 
912 |a ZDB-2-SBL 
950 |a Biomedical and Life Sciences (Springer-11642)